Normal view
MARC view
- الأطفال-العناية الصحية. الأطفال-تربية. المرأة الحامل-رعاية
Entry Topical Term
001 - CONTROL NUMBER
- control field: 39948
003 - CONTROL NUMBER IDENTIFIER
- control field: JO-AjAnu
005 - DATE AND TIME OF LATEST TRANSACTION
- control field: 20230606080635.0
008 - FIXED-LENGTH DATA ELEMENTS
- fixed length control field: 230606|| aca||aabn | a|a d
040 ## - CATALOGING SOURCE
- Original cataloging agency: JO-AjAnu
- Transcribing agency: JO-AjAnu
150 ## - HEADING--TOPICAL TERM
- Topical term or geographic name entry element: الأطفال-العناية الصحية. الأطفال-تربية. المرأة الحامل-رعاية
670 ## - SOURCE DATA FOUND
- Source citation: Work cat.: (JO-AjAnu)20481: لين، موريس مؤلف/جيرون، موريس بير م.مشارك/شيا، سميح مترجم, author 39947, التربية السليمة للطفل في سنواته الأولى